| 000 | 00409 a2200157 4500 | ||
|---|---|---|---|
| 005 | 20250317101238.0 | ||
| 020 | _a0-582-47318-7 | ||
| 082 | _a346. 42 ADA | ||
| 100 | _aADAMS, A. | ||
| 245 | _aLaw for Business Students | ||
| 250 | _a3rd Ed. | ||
| 260 |
_aLondon, _bLongman, _c2003. |
||
| 300 |
_axxiii, 421p. _bIndex. _c25cm. |
||
| 856 |
_yAccess online book _fLaw _dhttp://www.pearsoned.co.uk |
||
| 942 |
_2ddc _cBKS |
||
| 999 |
_c753 _d753 |
||